| 000 | 00408nam a22001337a 4500 | ||
|---|---|---|---|
| 040 | _cNUST | ||
| 082 | _a200 THE | ||
| 100 |
_aBushra Sikandri _9107692 |
||
| 110 | _aSupervisor Dr. Qasim Umar Khan | ||
| 245 | _aTH-SOF-2125-Beam Scanning Through Substrate Integrated Waveguide Leaky Wave Antenna (SIW LWA) | ||
| 260 |
_aISLAMABAD: _bNUST COLLEGE OF EME, _c2022. |
||
| 650 | _aMS-ELECT-19 | ||
| 942 |
_2ddc _cBK |
||
| 999 |
_c593009 _d593009 |
||